000 00305nam a2200109 4500
999 _c508300
_d508300
082 _aA42x54 B/1961
100 _aIndia. Lok Sabha Secretariat
_93548
245 _aThe Khadi and Village Industries Commission (Amendment) Bill, 1961
260 _aNew Delhi
_bLok Sabha
_c1961
300 _av.p.
942 _2ddc